Escola graduada per a noies i nois / Fundació Horaciana d'Ensenyança
Descripción Física:
[9] p. ; 22 cm
MARC
| LEADER | 00000nam a2200000Ia 4500 | ||
|---|---|---|---|
| 001 | 16200 | ||
| 003 | BGR | ||
| 005 | 20260410113654.0 | ||
| 008 | 160829s1912 xx 000 0 cat d | ||
| 080 | |a RF-14-29 | ||
| 110 | 2 | |a Fundació Horaciana d'Ensenyança (Barcelona) |9 70928 | |
| 245 | |a Escola graduada per a noies i nois / Fundació Horaciana d'Ensenyança | ||
| 260 | |a Barcelona : |b (Imp. Clavé), |c 1912 | ||
| 300 | |a [9] p. ; |c 22 cm | ||
| 590 | |a Prové de 2372, exp. 5 bis. | ||
| 590 | |a Text en català i castellà | ||
| 650 | |a Escoles |x Barcelona (Província) |x Currículums |9 32102 | ||
| 856 | 4 | |u https://media.diba.cat/diba/fitxers/arxiu/fulletons/bib_16200_1912_baixa.pdf |y Accés lliure | |
| 856 | 4 | |u https://media.diba.cat/diba/fitxers/arxiu/fulletons/bib_16200_1912_baixa.pdf |y Accés lliure | |
| 900 | |a bib_16200_1912_baixa.pdf | ||
| 901 | |a Arxiu | ||
| 942 | |n 1 |2 udc |c MON | ||
| 952 | |0 0 |1 0 |4 0 |6 RF1429 |7 1 |9 53581 |a Arxiu |b Arxiu |d 2016-12-01 |l 0 |o RF-14-29 |p 16200 |r 2016-12-01 00:00:00 |w 2016-12-01 |y ARXIU | ||
| 999 | |c 57447 |d 57447 | ||